Logo BPK

Biblioteka

Politechniki Koszalińskiej

Dictionary of the United States / (Rekord nr 48284)

Szczegóły MARC
000 -ETYKIETA REKORDU
podpole kontrolne o stałej długości 00660nam a2200205 i 4500
001 - NUMER KONTROLNY REKORDU
pole kontrolne bgj
020 ## - MIĘDZYNARODOWY ZNORMALIZOWANY NUMER KSIĄŻKI - ISBN
ISBN 8302054941 (hbk)
040 ## - ŹRÓDŁO KATALOGOWANIA
Instytucja, która utworzyła rekord BPK
041 0# - KOD JĘZYKA
Kod języka tekstu eng
920 ## - Międzynarodowy znormalizowany numer książki – ISBN
ISBN 83-02-05494-1 (hbk)
008 - POLE O STAŁEJ DŁUGOŚCI - DANE KONTROLNE
podpole kontrolne o stałej długości s uk f |000 0 eng
100 1# - NAZWA OSOBOWA
Nazwa osobowa JURCZYŃSKI, Tomasz
245 10 - TYTUŁ/ODPOWIEDZIALNOŚĆ
Tytuł Dictionary of the United States /
Pozostałe elementy strefy tytułu i oznaczenia odpowiedzialności Tomasz Jurczyński.
260 ## - STREFA ADRESU WYDAWNICZEGO
Miejsce wydania Warszawa :
Nazwa wydawcy/dystrybutora Wydawnictwa Szkolne i Pedagogiczne,
Data publikacji, dystrybucji/powstania dokumentu 1995
Miejsce produkcji (Bydgoszcz :
Nazwa producenta Zakłady Graficzne im. KEN).
300 ## - STREFA OPISU FIZYCZNEGO
Objętość 367 [1] pp :
Inne cechy fizyczne draw., photos (mainly coloured) ;
Rozmiary 24 cm.
505 ## - SFORMALIZOWANA UWAGA DOTYCZĄCA ZAWARTOŚCI
Pełny tekst uwagi Includes maps.
651 #9 - HASŁO PRZEDMIOTOWE W FORMIE NAZWY GEOGRAFICZNEJ
Nazwa geograficzna United States
Określnik ogólny Social life and culture
655 ## - TERMIN INDEKSOWY - OKREŚLENIE RODZAJU/FORMY DOKUMENTU
Określenie rodzaju/formy dokumentu Dictionaries
856 ## - LOKALIZACJA I DOSTĘP DO ELEKTRONICZNYCH DOKUMENTÓW ZDALNYCH
Link (URL) http://koha.tu.koszalin.pl/cgi-bin/koha/opac-detail.pl?biblionumber=48284
Tekst linku Katalog online BPK
942 ## - DODATKOWE ELEMENTY (KOHA)
Typ dokumentu Książka
Egzemplarze
Wycofany Status egzemplarza Uszkodzony Dostępność Lokalizacja stała Lokalizacja bieżąca Miejsce przechowywania Sygnatura Kod kreskowy Dział Typ dokumentu
      Tylko na miejscu Biblioteka Politechniki Koszalińskiej Biblioteka Politechniki Koszalińskiej Czytelnia Wydziałowa ul. Kwiatkowskiego 6e KA 5521 09086906 811.111(03) Język angielski - encyklopedie, słowniki Książka
      Dostępny Biblioteka Politechniki Koszalińskiej Biblioteka Politechniki Koszalińskiej Wypożyczalnia Językowa KA 5724 09055377   Książka
© 2023 Biblioteka Politechniki Koszalińskiej :: KOHA